000 00505nam a2200145 4500
999 _c15881
_d15881
008 210104b ||||| |||| 00| 0 eng d
022 _a0732-8435
082 _aDPer 657.05 C33 Sept - Mar 2015, v. 85 - 86
100 _aAfterman, Allan B.
_942708
245 _aThe issue of cyber risk disclosure/
_cAllan B. Afterman.
260 _aNew York:
_bThe New York State Society of CPA,
_c©2015.
300 _av85 n11, pages 52-54:
650 _aComputer networks
_xSecurity measures
_942709
942 _2ddc
_cPER